{"text_format":"3","workbook":"xlsx","n_sheets":1,"sheets":["t216"],"read":"whole","date_system":"1900"}

{"sheet":"t216","index":0,"n_rows":213,"n_cols":7,"rows_kept":213,"merged":[[0,0,0,6],[28,0,28,5],[45,0,45,5],[162,0,162,5]]}
["TABELA 216.1 - Estatísticas Agrícolas, Município de Holambra, Estado de São Paulo, 2016/17."]
["ITEM","UNIDADE","N.DE UPAs","MÍNIMO","MÉDIO","MÁXIMO","TOTAL"]
["Distância à sede do município","km",359,0.1,{"v":4.43,"d":"4.4"},{"v":25,"d":"25.0"},"-"]
["Área total","hectare",359,0.5,{"v":13.99,"d":"14.0"},{"v":316,"d":"316.0"},{"v":5020.62,"d":"5,020.6"}]
["Área com cultura perene","hectare",59,0.1,{"v":12.46,"d":"12.5"},{"v":250,"d":"250.0"},734.9]
["Área com cultura temporária","hectare",272,0.1,{"v":7.19,"d":"7.2"},{"v":68,"d":"68.0"},{"v":1956.3,"d":"1,956.3"}]
["Área com pastagem","hectare",150,0.2,{"v":7.21,"d":"7.2"},{"v":97,"d":"97.0"},{"v":1081,"d":"1,081.0"}]
["Área com reflorestamento","hectare",28,0.1,{"v":4,"d":"4.0"},{"v":24,"d":"24.0"},112.1]
["Área com vegetação natural","hectare",121,0.1,{"v":2.54,"d":"2.5"},36.5,{"v":307.12,"d":"307.1"}]
["Área com vegetação de brejo e várzea","hectare",42,0.1,{"v":2.03,"d":"2.0"},26.3,{"v":85.23,"d":"85.2"}]
["Área em descanso","hectare",59,0.1,{"v":3.51,"d":"3.5"},{"v":30,"d":"30.0"},{"v":207.38,"d":"207.4"}]
["Área complementar","hectare",306,{"v":0.03,"d":"0.0"},{"v":1.75,"d":"1.8"},{"v":35,"d":"35.0"},{"v":536.59,"d":"536.6"}]
["Área das UPAs com (0, 1] ha","hectare",7,0.5,{"v":0.76,"d":"0.8"},{"v":1,"d":"1.0"},{"v":5.33,"d":"5.3"}]
["Área das UPAs com (1, 2] ha","hectare",44,1.2,{"v":1.91,"d":"1.9"},{"v":2,"d":"2.0"},{"v":84.23,"d":"84.2"}]
["Área das UPAs com (2, 5] ha","hectare",85,{"v":2.06,"d":"2.1"},{"v":3.17,"d":"3.2"},{"v":5,"d":"5.0"},{"v":269.65,"d":"269.7"}]
["Área das UPAs com (5, 10] ha","hectare",71,5.1,{"v":7.45,"d":"7.5"},{"v":10,"d":"10.0"},{"v":528.69,"d":"528.7"}]
["Área das UPAs com (10, 20] ha","hectare",79,10.1,{"v":15.16,"d":"15.2"},{"v":20,"d":"20.0"},{"v":1197.92,"d":"1,197.9"}]
["Área das UPAs com (20, 50] ha","hectare",64,20.3,{"v":30.48,"d":"30.5"},47.4,{"v":1950.9,"d":"1,950.9"}]
["Área das UPAs com (50, 100] ha","hectare",7,{"v":53,"d":"53.0"},{"v":72.41,"d":"72.4"},94.8,506.9]
["Área das UPAs com (100, 200] ha","hectare",1,{"v":161,"d":"161.0"},{"v":161,"d":"161.0"},{"v":161,"d":"161.0"},{"v":161,"d":"161.0"}]
["Área das UPAs com (200, 500] ha","hectare",1,{"v":316,"d":"316.0"},{"v":316,"d":"316.0"},{"v":316,"d":"316.0"},{"v":316,"d":"316.0"}]
["Área das UPAs com (500, 1.000] ha","hectare","-","-","-","-","-"]
["Área das UPAs com (1.000, 2.000] ha","hectare","-","-","-","-","-"]
["Área das UPAs com (2.000, 5.000] ha","hectare","-","-","-","-","-"]
["Área das UPAs com (5.000, 10.000] ha","hectare","-","-","-","-","-"]
["Área das UPAs acima de 10.000 ha","hectare","-","-","-","-","-"]
["Fonte: Secretaria de Agricultura e Abastecimento, CDRS/IEA, Projeto LUPA."]
[]
["TABELA 216.2 - Explorações Animais, Município de Holambra, Estado de São Paulo, 2016/17."]
["ITEM","UNIDADE","N.DE UPAs","MÍNIMO","MÉDIO","MÁXIMO","TOTAL"]
["Apicultura","colmeias",1,{"v":100,"d":"100.0"},{"v":100,"d":"100.0"},{"v":100,"d":"100.0"},{"v":100,"d":"100.0"}]
["Avicultura de corte","cabecas/ano",18,{"v":30,"d":"30.0"},{"v":234307.22,"d":"234,307.2"},{"v":700000,"d":"700,000.0"},{"v":4217530,"d":"4,217,530.0"}]
["Avicultura ornamental/decorativa/exotica","cabecas",1,{"v":2,"d":"2.0"},{"v":2,"d":"2.0"},{"v":2,"d":"2.0"},{"v":2,"d":"2.0"}]
["Avicultura para ovos","cabecas",11,{"v":20,"d":"20.0"},{"v":73100,"d":"73,100.0"},{"v":480000,"d":"480,000.0"},{"v":804100,"d":"804,100.0"}]
["Bovinocultura de corte","cabecas",17,{"v":2,"d":"2.0"},{"v":21,"d":"21.0"},{"v":150,"d":"150.0"},{"v":357,"d":"357.0"}]
["Bovinocultura leiteira","cabecas",8,{"v":2,"d":"2.0"},{"v":44,"d":"44.0"},{"v":300,"d":"300.0"},{"v":352,"d":"352.0"}]
["Bovinocultura mista","cabecas",8,{"v":1,"d":"1.0"},{"v":7.38,"d":"7.4"},{"v":20,"d":"20.0"},{"v":59,"d":"59.0"}]
["Bubalinocultura","cabecas",1,{"v":1,"d":"1.0"},{"v":1,"d":"1.0"},{"v":1,"d":"1.0"},{"v":1,"d":"1.0"}]
["Caprinocultura","cabecas",3,{"v":3,"d":"3.0"},{"v":9.67,"d":"9.7"},{"v":15,"d":"15.0"},{"v":29,"d":"29.0"}]
["Cunicultura","cabecas",1,{"v":8,"d":"8.0"},{"v":8,"d":"8.0"},{"v":8,"d":"8.0"},{"v":8,"d":"8.0"}]
["Equinocultura","cabecas",23,{"v":1,"d":"1.0"},{"v":5.17,"d":"5.2"},{"v":20,"d":"20.0"},{"v":119,"d":"119.0"}]
["Ovinocultura","cabecas",4,{"v":4,"d":"4.0"},15.5,{"v":25,"d":"25.0"},{"v":62,"d":"62.0"}]
["Suinocultura","cabecas",15,{"v":20,"d":"20.0"},{"v":1033.33,"d":"1,033.3"},{"v":2300,"d":"2,300.0"},{"v":15500,"d":"15,500.0"}]
["Fonte: Secretaria de Agricultura e Abastecimento, CDRS/IEA, Projeto LUPA."]
[]
["TABELA 216.3 -  Máquinas, Implementos e Benfeitorias, Município de Holambra, Estado de São Paulo, 2016/17."]
["ITEM","UNIDADE","N.DE UPAs","MÍNIMO","MÉDIO","MÁXIMO","TOTAL"]
["Arado comum (bacia, aiveca)","unidade",13,{"v":1,"d":"1.0"},{"v":1.23,"d":"1.2"},{"v":2,"d":"2.0"},{"v":16,"d":"16.0"}]
["Arado escarificador","unidade",29,{"v":1,"d":"1.0"},{"v":1.03,"d":"1.0"},{"v":2,"d":"2.0"},{"v":30,"d":"30.0"}]
["Arado subsolador","unidade",50,{"v":1,"d":"1.0"},{"v":1.08,"d":"1.1"},{"v":2,"d":"2.0"},{"v":54,"d":"54.0"}]
["Batedeira de cereais","unidade",12,{"v":1,"d":"1.0"},{"v":1.25,"d":"1.3"},{"v":3,"d":"3.0"},{"v":15,"d":"15.0"}]
["Camara fria","unidade",24,{"v":1,"d":"1.0"},{"v":1.58,"d":"1.6"},{"v":5,"d":"5.0"},{"v":38,"d":"38.0"}]
["Carregadeira de cana","unidade",1,{"v":10,"d":"10.0"},{"v":10,"d":"10.0"},{"v":10,"d":"10.0"},{"v":10,"d":"10.0"}]
["Carreta de trator","unidade",21,{"v":1,"d":"1.0"},{"v":1.52,"d":"1.5"},{"v":3,"d":"3.0"},{"v":32,"d":"32.0"}]
["Colhedeira acoplada","unidade",1,{"v":2,"d":"2.0"},{"v":2,"d":"2.0"},{"v":2,"d":"2.0"},{"v":2,"d":"2.0"}]
["Colhedeira automotriz","unidade",1,{"v":1,"d":"1.0"},{"v":1,"d":"1.0"},{"v":1,"d":"1.0"},{"v":1,"d":"1.0"}]
["Computador","unidade",111,{"v":1,"d":"1.0"},{"v":2.65,"d":"2.7"},{"v":40,"d":"40.0"},{"v":294,"d":"294.0"}]
["Conj.irrigacao autopropelido","unidade",16,{"v":1,"d":"1.0"},{"v":1,"d":"1.0"},{"v":1,"d":"1.0"},{"v":16,"d":"16.0"}]
["Conj.irrigacao convencional","unidade",129,{"v":1,"d":"1.0"},{"v":1.28,"d":"1.3"},{"v":7,"d":"7.0"},{"v":165,"d":"165.0"}]
["Conj.irrigacao pivot central","unidade",1,{"v":1,"d":"1.0"},{"v":1,"d":"1.0"},{"v":1,"d":"1.0"},{"v":1,"d":"1.0"}]
["Conj.irrigacao/gotejamento/microaspersao","unidade",107,{"v":1,"d":"1.0"},{"v":1.73,"d":"1.7"},{"v":12,"d":"12.0"},{"v":185,"d":"185.0"}]
["Conjunto de fenacao","unidade",12,{"v":1,"d":"1.0"},{"v":1,"d":"1.0"},{"v":1,"d":"1.0"},{"v":12,"d":"12.0"}]
["Desintegrador, picador, triturador","unidade",28,{"v":1,"d":"1.0"},{"v":1.14,"d":"1.1"},{"v":2,"d":"2.0"},{"v":32,"d":"32.0"}]
["Distribuidor de calcario","unidade",10,{"v":1,"d":"1.0"},1.2,{"v":2,"d":"2.0"},{"v":12,"d":"12.0"}]
["Embarcação","unidade",1,{"v":1,"d":"1.0"},{"v":1,"d":"1.0"},{"v":1,"d":"1.0"},{"v":1,"d":"1.0"}]
["Ensiladeira","unidade",12,{"v":1,"d":"1.0"},{"v":1.17,"d":"1.2"},{"v":3,"d":"3.0"},{"v":14,"d":"14.0"}]
["Grade aradora (tipo romi)","unidade",9,{"v":1,"d":"1.0"},{"v":1,"d":"1.0"},{"v":1,"d":"1.0"},{"v":9,"d":"9.0"}]
["Grade niveladora","unidade",26,{"v":1,"d":"1.0"},{"v":1.04,"d":"1.0"},{"v":2,"d":"2.0"},{"v":27,"d":"27.0"}]
["Maquina de classificar olericola","unidade",1,{"v":1,"d":"1.0"},{"v":1,"d":"1.0"},{"v":1,"d":"1.0"},{"v":1,"d":"1.0"}]
["Máquina de minimamente processsados","unidade",1,{"v":3,"d":"3.0"},{"v":3,"d":"3.0"},{"v":3,"d":"3.0"},{"v":3,"d":"3.0"}]
["Misturador de racao","unidade",3,{"v":1,"d":"1.0"},{"v":1.33,"d":"1.3"},{"v":2,"d":"2.0"},{"v":4,"d":"4.0"}]
["Mmicrotrator","unidade",30,{"v":1,"d":"1.0"},1.3,{"v":4,"d":"4.0"},{"v":39,"d":"39.0"}]
["Ordenhadeira mecanica","unidade",7,{"v":1,"d":"1.0"},{"v":1.14,"d":"1.1"},{"v":2,"d":"2.0"},{"v":8,"d":"8.0"}]
["Pulverizador tratorizado","unidade",89,{"v":1,"d":"1.0"},{"v":1.48,"d":"1.5"},{"v":5,"d":"5.0"},{"v":132,"d":"132.0"}]
["Resfriador de leite, tanque expansao","unidade",4,{"v":1,"d":"1.0"},1.5,{"v":3,"d":"3.0"},{"v":6,"d":"6.0"}]
["Retroescavadeira","unidade",1,{"v":1,"d":"1.0"},{"v":1,"d":"1.0"},{"v":1,"d":"1.0"},{"v":1,"d":"1.0"}]
["Roçadeira costal","unidade",10,{"v":1,"d":"1.0"},1.1,{"v":2,"d":"2.0"},{"v":11,"d":"11.0"}]
["Roçadeira tratorizada","unidade",8,{"v":1,"d":"1.0"},{"v":1,"d":"1.0"},{"v":1,"d":"1.0"},{"v":8,"d":"8.0"}]
["Roçadora","unidade",16,{"v":1,"d":"1.0"},{"v":1.19,"d":"1.2"},{"v":2,"d":"2.0"},{"v":19,"d":"19.0"}]
["Semeadeira/adubadeira para plantio convencional","unidade",8,{"v":1,"d":"1.0"},{"v":1,"d":"1.0"},{"v":1,"d":"1.0"},{"v":8,"d":"8.0"}]
["Semeadeira/plantadeira plantio direto","unidade",33,{"v":1,"d":"1.0"},{"v":1.18,"d":"1.2"},{"v":4,"d":"4.0"},{"v":39,"d":"39.0"}]
["Terraceador","unidade",1,{"v":1,"d":"1.0"},{"v":1,"d":"1.0"},{"v":1,"d":"1.0"},{"v":1,"d":"1.0"}]
["Trator de pneus  acima de 85 cv","unidade",19,{"v":1,"d":"1.0"},{"v":1.32,"d":"1.3"},{"v":3,"d":"3.0"},{"v":25,"d":"25.0"}]
["Trator de pneus até 65 cv","unidade",50,{"v":1,"d":"1.0"},{"v":1.34,"d":"1.3"},{"v":4,"d":"4.0"},{"v":67,"d":"67.0"}]
["Trator de pneus de 66 cv a 85 cv","unidade",107,{"v":1,"d":"1.0"},{"v":1.86,"d":"1.9"},{"v":8,"d":"8.0"},{"v":199,"d":"199.0"}]
["Acude/represa","unidade",117,{"v":1,"d":"1.0"},{"v":1.52,"d":"1.5"},{"v":9,"d":"9.0"},{"v":178,"d":"178.0"}]
["Alambique","unidade",1,{"v":1,"d":"1.0"},{"v":1,"d":"1.0"},{"v":1,"d":"1.0"},{"v":1,"d":"1.0"}]
["Almoxarifado/oficina","unidade",100,{"v":1,"d":"1.0"},{"v":1.07,"d":"1.1"},{"v":3,"d":"3.0"},{"v":107,"d":"107.0"}]
["Armazem para graos ensacados","sacas",5]
["Balanca para bovinos","unidade",1,{"v":1,"d":"1.0"},{"v":1,"d":"1.0"},{"v":1,"d":"1.0"},{"v":1,"d":"1.0"}]
["Barracao para granja/avicultura","unidade",35,{"v":1,"d":"1.0"},{"v":4.03,"d":"4.0"},{"v":18,"d":"18.0"},{"v":141,"d":"141.0"}]
["Barracao/galpao/garagem","unidade",172,{"v":1,"d":"1.0"},{"v":1.56,"d":"1.6"},{"v":5,"d":"5.0"},{"v":269,"d":"269.0"}]
["Casa de moradia habitada","unidade",272,{"v":1,"d":"1.0"},{"v":3.15,"d":"3.2"},{"v":20,"d":"20.0"},{"v":858,"d":"858.0"}]
["Casa de moradia total","unidade",272,{"v":1,"d":"1.0"},{"v":3.23,"d":"3.2"},{"v":20,"d":"20.0"},{"v":878,"d":"878.0"}]
["Curral/mangueira","unidade",31,{"v":1,"d":"1.0"},{"v":1.03,"d":"1.0"},{"v":2,"d":"2.0"},{"v":32,"d":"32.0"}]
["Deposito/tulha","unidade",13,{"v":1,"d":"1.0"},{"v":1.31,"d":"1.3"},{"v":2,"d":"2.0"},{"v":17,"d":"17.0"}]
["Estabulo","unidade",11,{"v":1,"d":"1.0"},{"v":1.27,"d":"1.3"},{"v":3,"d":"3.0"},{"v":14,"d":"14.0"}]
["Estacao/posto meteorologico","unidade",1,{"v":1,"d":"1.0"},{"v":1,"d":"1.0"},{"v":1,"d":"1.0"},{"v":1,"d":"1.0"}]
["Estufa/plasticultura","m2",178]
["Fabrica de racao","unidade",2,{"v":1,"d":"1.0"},{"v":1,"d":"1.0"},{"v":1,"d":"1.0"},{"v":2,"d":"2.0"}]
["Instalacoes para equinos","unidade",4,{"v":1,"d":"1.0"},{"v":11,"d":"11.0"},{"v":40,"d":"40.0"},{"v":44,"d":"44.0"}]
["Maquina de beneficio","unidade",3,{"v":1,"d":"1.0"},{"v":1,"d":"1.0"},{"v":1,"d":"1.0"},{"v":3,"d":"3.0"}]
["Packing house","unidade",3,{"v":1,"d":"1.0"},{"v":1,"d":"1.0"},{"v":1,"d":"1.0"},{"v":3,"d":"3.0"}]
["Pocilga","unidade",22,{"v":1,"d":"1.0"},{"v":3.68,"d":"3.7"},{"v":11,"d":"11.0"},{"v":81,"d":"81.0"}]
["Poco semi-artesiano","unidade",100,{"v":1,"d":"1.0"},{"v":1.33,"d":"1.3"},{"v":3,"d":"3.0"},{"v":133,"d":"133.0"}]
["Silo para graos","ton",3]
["Silo para silagem","ton",10]
["Terreiro","m2",1]
["Fonte: Secretaria de Agricultura e Abastecimento, CDRS/IEA, Projeto LUPA."]
[]
["TABELA 216.4 - Outras Estatísticas Agrícolas, Município de Holambra, Estado de São Paulo, 2016/17."]
["ITEM","Número de UPAs",null,"Percentual"]
["Faz Parte de Associação de Produtores",115,null,{"v":32.033426183844014,"d":"32.0"}]
["Faz Parte de Cooperativa de Produtores",249,null,{"v":69.35933147632312,"d":"69.4"}]
["Faz Parte do Sindicato de Produtores",78,null,{"v":21.727019498607245,"d":"21.7"}]
["Não utiliza assistência técnica ",211,null,{"v":58.77437325905292,"d":"58.8"}]
["Utiliza somente assistência técnica governamental ",32,null,{"v":8.913649025069638,"d":"8.9"}]
["Utiliza somente assistência técnica privada ",90,null,{"v":25.069637883008358,"d":"25.1"}]
["Utiliza assistência técnica tanto governamental quanto privada",26,null,{"v":7.242339832869081,"d":"7.2"}]
["Utiliza Crédito Rural",157,null,{"v":43.73259052924791,"d":"43.7"}]
["Utiliza Seguro Rural",25,null,{"v":6.963788300835655,"d":"7.0"}]
["Utiliza Escrituração Agrícola",261,null,{"v":72.70194986072423,"d":"72.7"}]
["Acessa Internet p/ Fins na Agropecuária",188,null,{"v":52.36768802228413,"d":"52.4"}]
["Utiliza Computador nas Atividades Agropecuárias",222,null,{"v":61.83844011142062,"d":"61.8"}]
["Utiliza Energia Elétrica Para Uso na Atividade Agrícola",330,null,{"v":91.92200557103064,"d":"91.9"}]
["Utiliza Energia Alternativa",3,null,{"v":0.8356545961002786,"d":"0.8"}]
["Realiza Análise de Solo, quando necessário",234,null,{"v":65.18105849582173,"d":"65.2"}]
["Realiza Calagem",35,null,{"v":9.749303621169915,"d":"9.7"}]
["Utiliza Práticas de Conservação de Solo, quando necessário",173,null,{"v":48.18941504178273,"d":"48.2"}]
["Faz Adubação Mineral, quando necessário",305,null,{"v":84.95821727019498,"d":"85.0"}]
["Faz Adubação Orgânica, quando necessário",251,null,{"v":69.91643454038997,"d":"69.9"}]
["Faz Adubação Verde, quando necessário",25,null,{"v":6.963788300835655,"d":"7.0"}]
["Utiliza Manejo Integrado de Pragas (MIP)",62,null,{"v":17.270194986072426,"d":"17.3"}]
["Utiliza Hidroponia",3,null,{"v":0.8356545961002786,"d":"0.8"}]
["Utiliza Cultivo em Estufa",197,null,{"v":54.87465181058496,"d":"54.9"}]
["Utiliza Mudas Fiscalizadas",109,null,{"v":30.362116991643454,"d":"30.4"}]
["Utiliza Semente Melhorada",124,null,{"v":34.54038997214485,"d":"34.5"}]
["Faz Confinamento de Bovinos",2,null,{"v":0.5571030640668524,"d":"0.6"}]
["Utiliza Pastejo Intensivo",11,null,{"v":3.064066852367688,"d":"3.1"}]
["Faz Inseminação Artificial",9,null,{"v":2.5069637883008355,"d":"2.5"}]
["Faz Mineralização do Rebanho",24,null,{"v":6.685236768802229,"d":"6.7"}]
["Faz Vermifugação do Rebanho",32,null,{"v":8.913649025069638,"d":"8.9"}]
["Possui Parceiros /Arrendatários na Exploração Animal",50,null,{"v":13.927576601671309,"d":"13.9"}]
["Existência de trabalhadores c/ deficiência na UPA","-",null,"-"]
["Esporte e lazer",3,null,{"v":0.8356545961002786,"d":"0.8"}]
["Extração mineral","-",null,"-"]
["Hotel Fazenda, Pousada ou SPA",1,null,{"v":0.2785515320334262,"d":"0.3"}]
["Pesque-pague","-",null,"-"]
["Restaurante ou Lanchonete",3,null,{"v":0.8356545961002786,"d":"0.8"}]
["Transformação artesanal","-",null,"-"]
["Turismo rural ou ecoturismo",6,null,{"v":1.6713091922005572,"d":"1.7"}]
["Outras atividades econômicas rurais",1,null,{"v":0.2785515320334262,"d":"0.3"}]
["Agroindústria","-",null,"-"]
["Proprietário sem instrução ou com instrução incompleta",5,null,{"v":1.392757660167131,"d":"1.4"}]
["Proprietário com antigo primário completo",55,null,{"v":15.32033426183844,"d":"15.3"}]
["Proprietário com 1° grau (ou antigo ginasial) completo",46,null,{"v":12.813370473537605,"d":"12.8"}]
["Proprietário com 2° grau (ou antigo colegial) completo",120,null,{"v":33.42618384401114,"d":"33.4"}]
["Proprietário com curso superior completo ",109,null,{"v":30.362116991643454,"d":"30.4"}]
["Pessoa Jurídica",24,null,{"v":6.685236768802229,"d":"6.7"}]
["Proprietário residente na própria UPA ",160,null,{"v":44.56824512534819,"d":"44.6"}]
["Fonte: Secretaria de Agricultura e Abastecimento, CDRS/IEA, Projeto LUPA."]
[]
["TABELA 216.5 - Área Cultivada, Município de Holambra, Estado de São Paulo, 2016/17."]
["CULTURA","N.DE UPAs","MÍNIMO","MÉDIO","MÁXIMO","TOTAL"]
["Cana-de-acucar finalidade industria",36,0.5,{"v":18.62,"d":"18.6"},{"v":55,"d":"55.0"},670.3]
["Milho safra",63,0.9,{"v":10.08,"d":"10.1"},{"v":33,"d":"33.0"},634.9]
["Gramíneas para fenação (tonelada)",50,0.5,{"v":8.94,"d":"8.9"},{"v":28,"d":"28.0"},447.1]
["Gramas",62,0.3,{"v":5.75,"d":"5.8"},56.5,356.7]
["Laranja destino misto",8,{"v":3,"d":"3.0"},{"v":41.63,"d":"41.6"},{"v":250,"d":"250.0"},{"v":333,"d":"333.0"}]
["Feijao",17,{"v":4,"d":"4.0"},{"v":15.94,"d":"15.9"},{"v":68,"d":"68.0"},270.9]
["Floricultura para vaso",150,0.1,{"v":1.61,"d":"1.6"},{"v":13,"d":"13.0"},{"v":242,"d":"242.0"}]
["Braquiaria",35,0.2,{"v":4.59,"d":"4.6"},28.6,160.8]
["Floricultura para corte",50,0.1,2.9,{"v":18,"d":"18.0"},145.2]
["Soja",7,{"v":10,"d":"10.0"},{"v":19.54,"d":"19.5"},{"v":27,"d":"27.0"},136.8]
["Limao",30,0.1,{"v":4.42,"d":"4.4"},{"v":15,"d":"15.0"},132.7]
["Laranja Industria",10,{"v":1,"d":"1.0"},{"v":11.32,"d":"11.3"},23.6,113.2]
["Coloniao",3,1.5,34.5,{"v":97,"d":"97.0"},103.5]
["Laranja Mercado",11,{"v":2,"d":"2.0"},{"v":8.84,"d":"8.8"},23.3,97.2]
["Eucalipto",22,0.1,{"v":3.94,"d":"3.9"},{"v":24,"d":"24.0"},86.7]
["Milho-silagem",3,{"v":6,"d":"6.0"},16.9,{"v":30,"d":"30.0"},50.7]
["Milho 2 safra",2,19.9,{"v":22.45,"d":"22.5"},{"v":25,"d":"25.0"},44.9]
["Aveia",2,16.5,{"v":16.75,"d":"16.8"},{"v":17,"d":"17.0"},33.5]
["Sorgo",1,{"v":30,"d":"30.0"},{"v":30,"d":"30.0"},{"v":30,"d":"30.0"},{"v":30,"d":"30.0"}]
["Outras culturas temporárias",3,{"v":2,"d":"2.0"},{"v":9.57,"d":"9.6"},24.6,28.7]
["Outras florestais",6,{"v":1,"d":"1.0"},{"v":4.12,"d":"4.1"},13.5,24.7]
["Lima",4,1.7,{"v":4.08,"d":"4.1"},8.5,16.3]
["Tangerina",4,{"v":2,"d":"2.0"},{"v":3.28,"d":"3.3"},5.7,13.1]
["Goiaba",2,{"v":1,"d":"1.0"},5.5,{"v":10,"d":"10.0"},{"v":11,"d":"11.0"}]
["Cana-de-acucar outras finalidades",1,{"v":10,"d":"10.0"},{"v":10,"d":"10.0"},{"v":10,"d":"10.0"},{"v":10,"d":"10.0"}]
["Outras gramineas para pastagem",4,1.2,2.3,3.5,9.2]
["Grama em Placas (m2)",4,{"v":1,"d":"1.0"},{"v":1.83,"d":"1.8"},2.4,7.3]
["Viveiro de flores e ornamentais",8,0.1,{"v":0.74,"d":"0.7"},{"v":2,"d":"2.0"},5.9]
["Abacate",2,{"v":1,"d":"1.0"},{"v":2.95,"d":"3.0"},4.9,5.9]
["Tomate envarado",3,0.3,1.6,{"v":4,"d":"4.0"},4.8]
["Rosa",3,0.5,{"v":1.33,"d":"1.3"},2.5,{"v":4,"d":"4.0"}]
["Tangelo",1,3.7,3.7,3.7,3.7]
["Ervas medicinais e aromaticas",3,0.1,{"v":1.07,"d":"1.1"},{"v":3,"d":"3.0"},3.2]
["Algodao",1,{"v":3,"d":"3.0"},{"v":3,"d":"3.0"},{"v":3,"d":"3.0"},{"v":3,"d":"3.0"}]
["Capim-napier (ou capim-elefante)",3,0.2,0.9,{"v":2,"d":"2.0"},2.7]
["Milho-doce(verde)",1,2.5,2.5,2.5,2.5]
["Acerola (ou cereja-das-antilhas)",1,{"v":2,"d":"2.0"},{"v":2,"d":"2.0"},{"v":2,"d":"2.0"},{"v":2,"d":"2.0"}]
["Cafe",1,{"v":2,"d":"2.0"},{"v":2,"d":"2.0"},{"v":2,"d":"2.0"},{"v":2,"d":"2.0"}]
["Mandioca",2,{"v":1,"d":"1.0"},{"v":1,"d":"1.0"},{"v":1,"d":"1.0"},{"v":2,"d":"2.0"}]
["Outras olericolas",1,{"v":1,"d":"1.0"},{"v":1,"d":"1.0"},{"v":1,"d":"1.0"},{"v":1,"d":"1.0"}]
["Quiabo",1,{"v":1,"d":"1.0"},{"v":1,"d":"1.0"},{"v":1,"d":"1.0"},{"v":1,"d":"1.0"}]
["Outras leguminosas para pastagem",1,{"v":1,"d":"1.0"},{"v":1,"d":"1.0"},{"v":1,"d":"1.0"},{"v":1,"d":"1.0"}]
["Viveiro de florestais",2,0.2,{"v":0.35,"d":"0.4"},0.5,0.7]
["Banana",1,0.4,0.4,0.4,0.4]
["Alface",1,0.4,0.4,0.4,0.4]
["Pomar domestico",3,0.1,{"v":0.13,"d":"0.1"},0.2,0.4]
["Pepino",1,0.3,0.3,0.3,0.3]
["Horta domestica",2,0.1,0.1,0.1,0.2]
["Fonte: Secretaria de Agricultura e Abastecimento, CDRS/IEA, Projeto LUPA."]